000 00457nam a2200181Ia 4500
005 20250326124018.0
008 250326s9999 xx 000 0 und d
037 _aTextbook
040 _aFMSL
_beng
_cFMSL
041 _aeng
_2eng
084 _aX L3
_qFMSL
100 _aShackle G L S
245 0 _aEconomic: querist
_cShackle G L S
260 _aNY
_bNY, Cambridge
_c1973
300 _a135p
942 _cTB
_hX L3
999 _c1271886
_d1271886